| 000 | 02459nam0a2200373 4500 | ||
|---|---|---|---|
| 001 | RU\NLR\BIBL_A\012823612 | ||
| 005 | 20221101154405.0 | ||
| 010 |
_a978-5-9951-5149-4 _93000 |
||
| 021 |
_aRU _bКН-П-22-016295 _9КН-П-22-1400 |
||
| 035 | _a(NLR Aleph) 012823612 | ||
| 035 | _a(RuMoRGB)011010182 | ||
| 090 |
_a12329189 _c12329189 |
||
| 100 | _a20220621d2022 u y0rusy50 ca | ||
| 101 | 0 | _arus | |
| 102 | _aRU | ||
| 105 | _a z 000ay | ||
| 181 | 0 |
_ai _baxxe |
|
| 182 | 0 | _an | |
| 200 | 1 |
_aМальчики и другие рассказы _e[для среднего школьного возраста] _fА. П. Чехов _g[художник Е. Трофимова] |
|
| 203 |
_aТекст _bвизуальный _cнепосредственный |
||
| 210 |
_aМосква _cСтрекоза _d2022 |
||
| 215 |
_a61, [2] с. _cил. _d21 |
||
| 225 | 1 | _aВнеклассное чтение | |
| 327 | 1 | _aСодерж.: Ванька; Белолобый; Мальчики; Беглец; Хамелеон; Лошадиная фамилия | |
| 330 | _aВ предыдущие свои приезды Володя тоже занимался приготовлениями для ёлки или бегал на двор поглядеть, как кучер и пастух делали снеговую гору, но теперь он и Чечевицын не обратили никакого внимания на разноцветную бумагу и ни разу даже не побывали в конюшне, а сели у окна и стали о чём-то шептаться; потом они оба вместе раскрыли географиический атлас и стали рассматривать какую-то карту.- Сначала в Пермь...- тихо говорил Чечевицын, - оттуда в Тюмень... потом Томск... потом... потом... в Камчатку... Отсюда самоеды перевезут на лодках через Берингов пролив... Вот тебе и Америка | ||
| 333 | _a6+ | ||
| 686 | 0 | _aШ9(2)62=Р5-4 | |
| 700 | 1 |
_aЧехов _bА. П. _cписатель _f1860-1904 _gАнтон Павлович _3RU\NLR\AUTH\77359 _4070 |
|
| 702 | 1 |
_aТрофимова _bЕ. _4040 |
|
| 942 | _cBOOK | ||
| 980 | _aNB | ||